000 00317nam a22001337a 4500
008 181019b xxu||||| |||| 00| 0 eng d
020 _a9781555442798
041 _aeng
080 _a004
100 _a28
101 _aSHK
245 _aSurvival Analysis Using SAS a practical guide
_cAllison,P.D
942 _2udc
_cBK
999 _c50185
_d50185